| 000 | 00873nam a2200241 a 4500 | ||
|---|---|---|---|
| 001 | 51296 | ||
| 003 | BD-RjUL | ||
| 005 | 20211209075635.0 | ||
| 008 | 160830s1987 ii a|||| |||| 00| 0 ben d | ||
| 020 | _c: IRs.28.00 | ||
| 035 | _a(BD-RjUL)51416 | ||
| 040 |
_aBD-RjUL _bben _cBD-RjUL _dBD-RjUL |
||
| 041 | _aben | ||
| 082 |
_a150 _bSEM 1987 _223 |
||
| 100 |
_aসেনগুপ্ত, প্রমোদবন্ধু. _9117506 |
||
| 245 | 1 | 0 |
_aমনোবিদ্যা / _cপ্রমোদবন্ধু সেনগুপ্ত |
| 250 | _a১2ম সং. | ||
| 260 |
_aকলিকাতা : _bব্যানার্জী পাবলিশার্স, _c১৯৮৭ |
||
| 300 |
_axx, ৭৩৭ পৃ. : _bচিত্র ; _c২২ সেমি. |
||
| 650 |
_aমনোবিদ্যা _9119062 |
||
| 650 |
_aPsychology _9119063 |
||
| 942 |
_2ddc _cBK _04 |
||
| 999 |
_c51296 _d51296 |
||